<?xml version="1.0" encoding="UTF-8"?>
<record
    xmlns:xsi="http://www.w3.org/2001/XMLSchema-instance"
    xsi:schemaLocation="http://www.loc.gov/MARC21/slim http://www.loc.gov/standards/marcxml/schema/MARC21slim.xsd"
    xmlns="http://www.loc.gov/MARC21/slim">

  <leader>03264nam a22005057a 4500</leader>
  <controlfield tag="005">20220727120940.0</controlfield>
  <controlfield tag="008">180605b1988    sp ||||| |||| 00| 0 spa d</controlfield>
  <datafield tag="020" ind1=" " ind2=" ">
    <subfield code="a">847698104 V.1 PT.1</subfield>
  </datafield>
  <datafield tag="020" ind1=" " ind2=" ">
    <subfield code="a">8476981082 V.1 PT.2</subfield>
  </datafield>
  <datafield tag="020" ind1=" " ind2=" ">
    <subfield code="a">8476981341 V.1 PT.3</subfield>
  </datafield>
  <datafield tag="020" ind1=" " ind2=" ">
    <subfield code="a">8476983026 V.2 PT.1</subfield>
  </datafield>
  <datafield tag="020" ind1=" " ind2=" ">
    <subfield code="a">8476983034 V.2 PT.2</subfield>
  </datafield>
  <datafield tag="020" ind1=" " ind2=" ">
    <subfield code="a">8476981511 V.3 PT.1</subfield>
  </datafield>
  <datafield tag="020" ind1=" " ind2=" ">
    <subfield code="a">8476981538 V.3 PT.2</subfield>
  </datafield>
  <datafield tag="020" ind1=" " ind2=" ">
    <subfield code="a">8476981058 V.3 Bis</subfield>
  </datafield>
  <datafield tag="020" ind1=" " ind2=" ">
    <subfield code="a">8476984707 V.4 </subfield>
  </datafield>
  <datafield tag="020" ind1=" " ind2=" ">
    <subfield code="a">8476982569 V.5</subfield>
  </datafield>
  <datafield tag="050" ind1="0" ind2="4">
    <subfield code="a">KKT500</subfield>
    <subfield code="b">L33 1988</subfield>
  </datafield>
  <datafield tag="100" ind1="1" ind2=" ">
    <subfield code="a">Lacruz Berdejo, Jos&#xE9; Luis,</subfield>
    <subfield code="e">autor</subfield>
  </datafield>
  <datafield tag="245" ind1="1" ind2="0">
    <subfield code="a">Parte general del derecho civil </subfield>
    <subfield code="c">/ Jos&#xE9; Luis Lacruz Berdejo, Francisco de Asis Sancho Rebullida, Agust&#xED;n Luna Serrano ; revisada y adicionada Jes&#xFA;s Delgado Echeverr&#xED;a .</subfield>
  </datafield>
  <datafield tag="250" ind1=" " ind2=" ">
    <subfield code="a">1a ed.</subfield>
  </datafield>
  <datafield tag="260" ind1=" " ind2=" ">
    <subfield code="a">Barcelona, Espa&#xF1;a : </subfield>
    <subfield code="b">Jos&#xE9; Mar&#xED;a Bosch,</subfield>
    <subfield code="c">1988</subfield>
  </datafield>
  <datafield tag="300" ind1=" " ind2=" ">
    <subfield code="a">10 v. :</subfield>
    <subfield code="c">24 cm.</subfield>
  </datafield>
  <datafield tag="490" ind1=" " ind2=" ">
    <subfield code="a">;</subfield>
  </datafield>
  <datafield tag="505" ind1="0" ind2=" ">
    <subfield code="t"> Introducci&#xF3;n --</subfield>
    <subfield code="g">V.1. P.t 1.</subfield>
  </datafield>
  <datafield tag="505" ind1="0" ind2=" ">
    <subfield code="r">Jos&#xE9; Luis Lacruz Berdejo, Francisco de Asis Sancho Rebullida, Agust&#xED;n Luna Serrano, Jes&#xFA;s Delgado Echevarria, Francisco Rivero Hernandez --</subfield>
    <subfield code="t">Personas /</subfield>
    <subfield code="g">V.1. Pt.2.</subfield>
  </datafield>
  <datafield tag="505" ind1="0" ind2=" ">
    <subfield code="r">Jos&#xE9; Luis Lacruz Berdejo, Agust&#xED;n Luna Serrano, Francisco Rivero Hern&#xE1;ndez --</subfield>
    <subfield code="t">El derecho subjetivo /</subfield>
    <subfield code="g">V.1. Pt.3.</subfield>
  </datafield>
  <datafield tag="505" ind1="0" ind2=" ">
    <subfield code="r">Js&#xE9; Luis Lacruz Berdejo, Francisc de Asis Sancho Rebullida, Agust&#xED;n Luna Serrano, Jes&#xFA;s Delgado Echeverria Francisco Rivero Hern&#xE1;ndez, Joaqu&#xED;n Rams Albesa --</subfield>
    <subfield code="t">Derecho de obligaciones : parte general teor&#xED;a general del contrato /</subfield>
    <subfield code="g">V.2. Pt.1.</subfield>
  </datafield>
  <datafield tag="505" ind1="0" ind2=" ">
    <subfield code="r">Jos&#xE9; Luis Lacruz Berdejo, Francisco de Asis Sacho Rebullida, Agust&#xED;n Luna Serrano, Jes&#xFA;s Delgado Echeverria, Francisco Rivero Hern&#xE1;ndez, Joaqu&#xED;n Rams Albesa --</subfield>
    <subfield code="t">Derecho de obligaciones : contratos y cuasicontratos delito y cuasidelito /</subfield>
    <subfield code="g">V.2. Pt.2.</subfield>
  </datafield>
  <datafield tag="505" ind1="0" ind2=" ">
    <subfield code="r">Jos&#xE9; Luis Lacruz Berdejo --</subfield>
    <subfield code="t">Derechos reales : posesi&#xF3;n y propiedad /</subfield>
    <subfield code="g">V.3 Pt.1.</subfield>
  </datafield>
  <datafield tag="505" ind1="0" ind2=" ">
    <subfield code="r">Jos&#xE9; Luis Lacruz Berdejo, Francisco de Asis Sacho Rebullida, Agust&#xED;n Luna Serrano, Jes&#xFA;s Delgado Echeverria, Francisco Rivero Hern&#xE1;ndez, Joaqu&#xED;n Rams Albesa, V&#xED;ctor Mendoza Olivan --</subfield>
    <subfield code="t">Derechos reales : derechos reales limitados situaciones de cotitularidad /</subfield>
    <subfield code="g">V.3 Pt.2.</subfield>
  </datafield>
  <datafield tag="505" ind1="0" ind2=" ">
    <subfield code="r">Jos&#xE9;  Luis Lacruz Berdejo, Francisco Sancho Rebullida, Agust&#xED;n Luna Serrano, Francisco Rivero Hern&#xE1;ndez, Joaqu&#xED;n Rams Albesa --</subfield>
    <subfield code="t">Bis Derecho inmobiliario registral /</subfield>
    <subfield code="g">V.3.</subfield>
  </datafield>
  <datafield tag="505" ind1="0" ind2=" ">
    <subfield code="r">Jos&#xE9; Luis Lacruz Berdejo, Francisco de As&#xED;s Sancho Rebullida, Agust&#xED;n Luna Serrano, Francisco Rivero Hern&#xE1;ndez, Joaqu&#xED;n Rams Albesa --</subfield>
    <subfield code="t">Derecho de familia /</subfield>
    <subfield code="g">V.4.</subfield>
  </datafield>
  <datafield tag="505" ind1="0" ind2=" ">
    <subfield code="r">Jos&#xE9; Luis Lacruz Berdejo, Francisco de As&#xED;s Sancho Rebullida, Agust&#xED;n Luna Serrano, Jes&#xFA;s Delgado Echeverria, Francisco Rivero Hern&#xE1;ndez, Joaqu&#xED;n Rams Albesa</subfield>
    <subfield code="t">Derecho de sucesiones /</subfield>
    <subfield code="g">V.5.</subfield>
  </datafield>
  <datafield tag="650" ind1=" " ind2="7">
    <subfield code="2">lemb</subfield>
    <subfield code="a">Derecho civil</subfield>
    <subfield code="z">Espa&#xF1;a</subfield>
  </datafield>
  <datafield tag="700" ind1="1" ind2=" ">
    <subfield code="a">Lacruz Berdejo, Jos&#xE9; Luis,</subfield>
    <subfield code="e">autor</subfield>
  </datafield>
  <datafield tag="700" ind1="1" ind2=" ">
    <subfield code="a">Sancho Rebullida, Francisco de Asis,</subfield>
    <subfield code="e">autor</subfield>
  </datafield>
  <datafield tag="700" ind1="1" ind2=" ">
    <subfield code="a">Luna Serrano,  Agust&#xED;n,</subfield>
    <subfield code="e">autor</subfield>
  </datafield>
  <datafield tag="700" ind1="1" ind2=" ">
    <subfield code="a">Delgado Echeverria, Jes&#xFA;s,</subfield>
    <subfield code="e">revisada y adicionada</subfield>
  </datafield>
  <datafield tag="700" ind1="1" ind2=" ">
    <subfield code="a">Rivero Hernandez, Francisco,</subfield>
    <subfield code="e">autor</subfield>
  </datafield>
  <datafield tag="700" ind1="1" ind2=" ">
    <subfield code="a">Rams Albesa, Joaqu&#xED;n,</subfield>
    <subfield code="e">autor</subfield>
  </datafield>
  <datafield tag="700" ind1="1" ind2=" ">
    <subfield code="a">Mendoza Olivan, V&#xED;ctor, </subfield>
    <subfield code="e">autor</subfield>
  </datafield>
  <datafield tag="700" ind1="1" ind2=" ">
    <subfield code="a">Luna Serrano, Agust&#xED;n,</subfield>
    <subfield code="e">autor</subfield>
  </datafield>
  <datafield tag="942" ind1=" " ind2=" ">
    <subfield code="2">lcc</subfield>
    <subfield code="c">LIB</subfield>
  </datafield>
  <datafield tag="999" ind1=" " ind2=" ">
    <subfield code="c">141333</subfield>
    <subfield code="d">141331</subfield>
  </datafield>
  <datafield tag="952" ind1=" " ind2=" ">
    <subfield code="1">0</subfield>
    <subfield code="2">lcc</subfield>
    <subfield code="4">0</subfield>
    <subfield code="7">0</subfield>
    <subfield code="a">LIC-002</subfield>
    <subfield code="b">LIC-002</subfield>
    <subfield code="c">GENERAL</subfield>
    <subfield code="d">2018-06-05</subfield>
    <subfield code="e">UA</subfield>
    <subfield code="f">1a ed.</subfield>
    <subfield code="i">D</subfield>
    <subfield code="k">CSA</subfield>
    <subfield code="o">KKT500 L33 1988</subfield>
    <subfield code="p">BFD000010264</subfield>
    <subfield code="r">2018-06-05 00:00:00</subfield>
    <subfield code="t">V.1 Pt.1</subfield>
    <subfield code="v">1.00</subfield>
    <subfield code="y">LIB</subfield>
  </datafield>
  <datafield tag="952" ind1=" " ind2=" ">
    <subfield code="1">0</subfield>
    <subfield code="2">lcc</subfield>
    <subfield code="4">0</subfield>
    <subfield code="7">0</subfield>
    <subfield code="a">LIC-002</subfield>
    <subfield code="b">LIC-002</subfield>
    <subfield code="c">GENERAL</subfield>
    <subfield code="d">2018-06-05</subfield>
    <subfield code="e">UA</subfield>
    <subfield code="f">2a ed.</subfield>
    <subfield code="i">D</subfield>
    <subfield code="k">CSA</subfield>
    <subfield code="o">KKT500 L33 r1992 </subfield>
    <subfield code="p">BFD000010265</subfield>
    <subfield code="r">2018-06-05 00:00:00</subfield>
    <subfield code="t">V.1 Pt.2</subfield>
    <subfield code="v">1.00</subfield>
    <subfield code="y">LIB</subfield>
  </datafield>
  <datafield tag="952" ind1=" " ind2=" ">
    <subfield code="1">0</subfield>
    <subfield code="2">lcc</subfield>
    <subfield code="4">0</subfield>
    <subfield code="7">0</subfield>
    <subfield code="a">LIC-002</subfield>
    <subfield code="b">LIC-002</subfield>
    <subfield code="c">GENERAL</subfield>
    <subfield code="d">2018-06-05</subfield>
    <subfield code="e">UA</subfield>
    <subfield code="f">1a ed.</subfield>
    <subfield code="i">D</subfield>
    <subfield code="k">CSA</subfield>
    <subfield code="o">KKT500 L33 1990 </subfield>
    <subfield code="p">BFD000010266</subfield>
    <subfield code="r">2018-06-05 00:00:00</subfield>
    <subfield code="t">V.1 Pt.3</subfield>
    <subfield code="v">1.00</subfield>
    <subfield code="y">LIB</subfield>
  </datafield>
  <datafield tag="952" ind1=" " ind2=" ">
    <subfield code="1">0</subfield>
    <subfield code="2">lcc</subfield>
    <subfield code="4">0</subfield>
    <subfield code="7">0</subfield>
    <subfield code="a">LIC-002</subfield>
    <subfield code="b">LIC-002</subfield>
    <subfield code="c">GENERAL</subfield>
    <subfield code="d">2018-06-05</subfield>
    <subfield code="e">UA</subfield>
    <subfield code="f">3a ed.</subfield>
    <subfield code="i">D</subfield>
    <subfield code="k">CSA</subfield>
    <subfield code="o">KKT500 L33 1994 </subfield>
    <subfield code="p">BFD000010267</subfield>
    <subfield code="r">2018-06-05 00:00:00</subfield>
    <subfield code="t">V.2 Pt.1</subfield>
    <subfield code="v">1.00</subfield>
    <subfield code="y">LIB</subfield>
  </datafield>
  <datafield tag="952" ind1=" " ind2=" ">
    <subfield code="1">0</subfield>
    <subfield code="2">lcc</subfield>
    <subfield code="4">0</subfield>
    <subfield code="7">0</subfield>
    <subfield code="a">LIC-002</subfield>
    <subfield code="b">LIC-002</subfield>
    <subfield code="c">GENERAL</subfield>
    <subfield code="d">2018-06-06</subfield>
    <subfield code="e">UA</subfield>
    <subfield code="f">3a ed.</subfield>
    <subfield code="i">D</subfield>
    <subfield code="k">CSA</subfield>
    <subfield code="o">KKT500 L33 1995 </subfield>
    <subfield code="p">BFD000010268</subfield>
    <subfield code="r">2018-06-06 00:00:00</subfield>
    <subfield code="t">V.2 Pt.2</subfield>
    <subfield code="v">1.00</subfield>
    <subfield code="y">LIB</subfield>
  </datafield>
  <datafield tag="952" ind1=" " ind2=" ">
    <subfield code="1">0</subfield>
    <subfield code="2">lcc</subfield>
    <subfield code="4">0</subfield>
    <subfield code="7">0</subfield>
    <subfield code="a">LIC-002</subfield>
    <subfield code="b">LIC-002</subfield>
    <subfield code="c">GENERAL</subfield>
    <subfield code="d">2018-06-06</subfield>
    <subfield code="e">UA</subfield>
    <subfield code="f">1a ed.</subfield>
    <subfield code="i">D</subfield>
    <subfield code="k">CSA</subfield>
    <subfield code="o">KKT500 L33 1990 </subfield>
    <subfield code="p">BFD000010269</subfield>
    <subfield code="r">2018-06-06 00:00:00</subfield>
    <subfield code="t">V.3 Pt.1</subfield>
    <subfield code="v">1.00</subfield>
    <subfield code="y">LIB</subfield>
  </datafield>
  <datafield tag="952" ind1=" " ind2=" ">
    <subfield code="1">0</subfield>
    <subfield code="2">lcc</subfield>
    <subfield code="4">0</subfield>
    <subfield code="7">0</subfield>
    <subfield code="a">LIC-002</subfield>
    <subfield code="b">LIC-002</subfield>
    <subfield code="c">GENERAL</subfield>
    <subfield code="d">2018-06-06</subfield>
    <subfield code="e">UA</subfield>
    <subfield code="f">2a ed.</subfield>
    <subfield code="i">D</subfield>
    <subfield code="k">CSA</subfield>
    <subfield code="o">KKT500 L33 1991 </subfield>
    <subfield code="p">BFD000010270</subfield>
    <subfield code="r">2018-06-06 00:00:00</subfield>
    <subfield code="t">V.3 Pt.2</subfield>
    <subfield code="v">1.00</subfield>
    <subfield code="y">LIB</subfield>
  </datafield>
  <datafield tag="952" ind1=" " ind2=" ">
    <subfield code="1">0</subfield>
    <subfield code="2">lcc</subfield>
    <subfield code="4">0</subfield>
    <subfield code="7">0</subfield>
    <subfield code="a">LIC-002</subfield>
    <subfield code="b">LIC-002</subfield>
    <subfield code="c">GENERAL</subfield>
    <subfield code="d">2018-06-06</subfield>
    <subfield code="e">UA</subfield>
    <subfield code="f">2a ed.</subfield>
    <subfield code="i">D</subfield>
    <subfield code="k">CSA</subfield>
    <subfield code="o">KKT500 L33 r1991 </subfield>
    <subfield code="p">BFD000010271</subfield>
    <subfield code="r">2018-06-06 00:00:00</subfield>
    <subfield code="t">V.3 Bis</subfield>
    <subfield code="v">1.00</subfield>
    <subfield code="y">LIB</subfield>
  </datafield>
  <datafield tag="952" ind1=" " ind2=" ">
    <subfield code="1">0</subfield>
    <subfield code="2">lcc</subfield>
    <subfield code="4">0</subfield>
    <subfield code="7">0</subfield>
    <subfield code="a">LIC-002</subfield>
    <subfield code="b">LIC-002</subfield>
    <subfield code="c">GENERAL</subfield>
    <subfield code="d">2018-06-06</subfield>
    <subfield code="e">UA</subfield>
    <subfield code="f">4a ed.</subfield>
    <subfield code="i">D</subfield>
    <subfield code="k">CSA</subfield>
    <subfield code="o">KKT500 L33 1997</subfield>
    <subfield code="p">BFD000010272</subfield>
    <subfield code="r">2018-06-06 00:00:00</subfield>
    <subfield code="t">V.4 </subfield>
    <subfield code="v">1.00</subfield>
    <subfield code="y">LIB</subfield>
  </datafield>
  <datafield tag="952" ind1=" " ind2=" ">
    <subfield code="1">0</subfield>
    <subfield code="2">lcc</subfield>
    <subfield code="4">0</subfield>
    <subfield code="7">0</subfield>
    <subfield code="a">LIC-002</subfield>
    <subfield code="b">LIC-002</subfield>
    <subfield code="c">GENERAL</subfield>
    <subfield code="d">2018-06-06</subfield>
    <subfield code="e">UA</subfield>
    <subfield code="f">5a ed. </subfield>
    <subfield code="i">D</subfield>
    <subfield code="k">CSA</subfield>
    <subfield code="o">KKT500 L33 1993</subfield>
    <subfield code="p">BFD000010273</subfield>
    <subfield code="r">2018-06-06 00:00:00</subfield>
    <subfield code="t">V.5</subfield>
    <subfield code="v">1.00</subfield>
    <subfield code="y">LIB</subfield>
  </datafield>
</record>
